SCIENCE & TECHNOLOGY LATEST SAMPLE QUESTION PAPERS (Record no. 797)
[ view plain ]
| 000 -LEADER | |
|---|---|
| fixed length control field | 00408nam a22001217a 4500 |
| 082 ## - DEWEY DECIMAL CLASSIFICATION NUMBER | |
| Classification number | 500 |
| Item number | SHI/S |
| 100 ## - MAIN ENTRY--AUTHOR NAME | |
| Personal name | SHIV DAS |
| 245 ## - TITLE STATEMENT | |
| Title | SCIENCE & TECHNOLOGY LATEST SAMPLE QUESTION PAPERS |
| Remainder of title | CLASS X |
| 260 ## - PUBLICATION, DISTRIBUTION, ETC. (IMPRINT) | |
| Place of publication | DELHI |
| Name of publisher | SHIV DAS & SONS |
| 520 ## - SUMMARY, ETC. | |
| Summary, etc | LATEST SYLLABUS, LATEST SAMPLE QUESTION PAPERS ISSUED BY CBSE, BOARD QUESTION PAPERS WITH ANSWERS |
| 650 ## - SUBJECT ADDED ENTRY--TOPICAL TERM | |
| Topical Term | SCIENCE SAMPLE PAPERS FOR CLASS X |
| Geographic subdivision | INDIA |
| 942 ## - ADDED ENTRY ELEMENTS (KOHA) | |
| Koha item type | Books |
| Withdrawn status | Lost status | Collection code | Home library | Current library | Shelving location | Date acquired | Source of acquisition | Cost, normal purchase price | Full call number | Accession Number | Koha item type |
|---|---|---|---|---|---|---|---|---|---|---|---|
| Reference | Main Library | Main Library | SHELF-8 D CLASS X-SCIENCE | 28/09/2006 | purchase | 120.00 | 500 SHI/S | 02783 | Books |